<?xml version="1.0" encoding="UTF-8"?><?xml-stylesheet type="text/xsl" href="static/style.xsl"?><OAI-PMH xmlns="http://www.openarchives.org/OAI/2.0/" xmlns:xsi="http://www.w3.org/2001/XMLSchema-instance" xsi:schemaLocation="http://www.openarchives.org/OAI/2.0/ http://www.openarchives.org/OAI/2.0/OAI-PMH.xsd"><responseDate>2026-04-14T08:59:05Z</responseDate><request verb="GetRecord" identifier="oai:www.recercat.cat:20.500.12327/3069" metadataPrefix="marc">https://recercat.cat/oai/request</request><GetRecord><record><header><identifier>oai:recercat.cat:20.500.12327/3069</identifier><datestamp>2025-10-22T11:32:12Z</datestamp><setSpec>com_2072_4428</setSpec><setSpec>com_2072_4427</setSpec><setSpec>col_2072_487898</setSpec></header><metadata><record xmlns="http://www.loc.gov/MARC21/slim" xmlns:dcterms="http://purl.org/dc/terms/" xmlns:xsi="http://www.w3.org/2001/XMLSchema-instance" xmlns:doc="http://www.lyncode.com/xoai" xsi:schemaLocation="http://www.loc.gov/MARC21/slim http://www.loc.gov/standards/marcxml/schema/MARC21slim.xsd">
   <leader>00925njm 22002777a 4500</leader>
   <datafield ind2=" " ind1=" " tag="042">
      <subfield code="a">dc</subfield>
   </datafield>
   <datafield ind2=" " ind1=" " tag="720">
      <subfield code="a">Mainau, E.</subfield>
      <subfield code="e">author</subfield>
   </datafield>
   <datafield ind2=" " ind1=" " tag="720">
      <subfield code="a">Ruiz-de-la-Torre, J. L.</subfield>
      <subfield code="e">author</subfield>
   </datafield>
   <datafield ind2=" " ind1=" " tag="720">
      <subfield code="a">Dalmau, A.</subfield>
      <subfield code="e">author</subfield>
   </datafield>
   <datafield ind2=" " ind1=" " tag="720">
      <subfield code="a">Salleras, J. M.</subfield>
      <subfield code="e">author</subfield>
   </datafield>
   <datafield ind2=" " ind1=" " tag="720">
      <subfield code="a">Manteca, X.</subfield>
      <subfield code="e">author</subfield>
   </datafield>
   <datafield ind2=" " ind1=" " tag="260">
      <subfield code="c">2011-09-26</subfield>
   </datafield>
   <datafield ind2=" " ind1=" " tag="520">
      <subfield code="a">Farrowing is an intrinsically risky process for both the sow and the piglets that can cause welfare and economic problems. The effects&#xd;
of the non-steroidal anti-inflammatory drug meloxicam on post-farrowing behaviour of sows, and the performance of piglets were&#xd;
investigated. A total of 48 sows were randomly allocated at the day of farrowing (day 0) into two homogeneous groups regarding&#xd;
parity, and treated with either meloxicam or saline solution as placebo. For each sow, number of position changes, total time lying and&#xd;
standing or sitting, feed intake and rectal temperature (RT) were recorded during 3 days after farrowing. Piglets were individually&#xd;
weighed at farrowing and at weaning. The number of position changes did not show significant differences between treatments&#xd;
(P 5 0.79). Sows spent significantly less time lying during day 13 after farrowing in the meloxicam group than in the placebo group&#xd;
(P 5 0.04). Feed intake and RT showed a parity effect (P , 0.001 in both cases); however, no treatment effect was observed (P 5 0.67&#xd;
and P 5 0.47, respectively). Pre-weaning mortality rate in piglets was not affected by treatment. In litters from multiparous sows, piglets&#xd;
of low birth weight (defined as percentile 15: BW ,1180 g) had an average daily gain significantly higher in the meloxicam group than&#xd;
in the placebo group (196.6 6 7.2 v. 166.6 6 9.1 g/day; P 5 0.03). Although the administration of meloxicam 90 min after farrowing&#xd;
showed a positive effect on the total time lying of the sows, additional investigations are required to better qualify relevant indicators&#xd;
of pain following farrowing in sows and to specify the analgesic effects of meloxicam on piglet performance.</subfield>
   </datafield>
   <datafield ind1="8" ind2=" " tag="024">
      <subfield code="a">Mainau, E., J. L. Ruiz-De-La-Torre, A. Dalmau, J. M. Salleras, and X. Manteca. 2012. “Effects of Meloxicam (Metacam®) on Post-farrowing Sow Behaviour and Piglet Performance.” Animal 6 (3): 494–501. doi: 10.1017/s1751731111001790</subfield>
   </datafield>
   <datafield ind1="8" ind2=" " tag="024">
      <subfield code="a">1751-7311</subfield>
   </datafield>
   <datafield ind1="8" ind2=" " tag="024">
      <subfield code="a">http://hdl.handle.net/20.500.12327/3069</subfield>
   </datafield>
   <datafield ind1="8" ind2=" " tag="024">
      <subfield code="a">https://doi.org/10.1017/S1751731111001790</subfield>
   </datafield>
   <datafield ind2="0" ind1="0" tag="245">
      <subfield code="a">Effects of meloxicam (Metacam® ) on post-farrowing sow behaviour and piglet performance</subfield>
   </datafield>
</record></metadata></record></GetRecord></OAI-PMH>